000 01157pam a2200301 a 4500
001 3805433
003 NUST-PNEC
005 20170116180705.0
008 850712s1986 nyua 001 0 eng
010 _a 85017120
020 _a0070356866
040 _aDLC
_cPNEC
_dDLC
050 0 0 _aTK3221
_b.K83 1986
082 0 0 _a621.31922 KUR
100 1 _aKurtz, Edwin Bernard,
_d1894-
245 1 4 _aThe lineman's and cableman's handbook /
_cEdwin B. Kurtz, Thomas M. Shoemaker.
250 _a7th ed.
260 _aNew York :
_bMcGraw-Hill Book,
_cc1986.
300 _a1 v. (various pagings) :
_bill. ;
_c24 cm.
500 _aIssues for 2007- cataloged as a serial in LC.
_5DLC
500 _aIncludes index. http://www.amazon.com/Linemans-Cablemans-Handbook-Edwin-Bernard/dp/0070356866/ref=sr_1_1?s=books&ie=UTF8&qid=1411208339&sr=1-1&keywords=0070356866
650 0 _aElectric lines
_xHandbooks, manuals, etc. - EE, EL
650 0 _aElectric cables
_xHandbooks, manuals, etc.
700 1 _aShoemaker, Thomas M.,
_d1921-
906 _a7
_bcbc
_corignew
_d1
_eocip
_f19
_gy-gencatlg
942 _2ddc
_cBK
999 _c60705
_d60705